| 000 | 01196nam a22003497a 4500 | ||
|---|---|---|---|
| 003 | CHAP | ||
| 005 | 20220329132935.0 | ||
| 008 | 971013s1987 r 00010 d | ||
| 010 | _a464 | ||
| 011 | _a1436 | ||
| 035 | _a612 | ||
| 040 | _cCHAP | ||
| 090 | _aTesis | ||
| 100 | 0 | 0 |
_aFlores Flores, José Luis. _941525 |
| 245 | _aEstudio variográfico exploratorio del ecostramiento de suelos desnudos del Barril, Viilla de Ramos, S.L.P. | ||
| 260 |
_aChapingo, Méx. : _bEl autor, _c1987 |
||
| 300 |
_a159 h. _b: gráfs. |
||
| 500 | _a36-178 | ||
| 502 | _aTesis (Maestro en Ciencias Esp. en Edafología) -- CP. Centro de Edafología | ||
| 590 |
_aALEPH _b10 _c20130110 _lUCH01 _h1205 |
||
| 590 |
_aBATCH-UPD _b10 _c20130110 _lUCH01 _h2301 |
||
| 590 |
_aBATCH-UPD _b10 _c20130410 _lUCH01 _h1554 |
||
| 590 |
_aBATCH-UPD _b10 _c20130914 _lUCH01 _h2035 |
||
| 590 |
_aCONVERSION _b10 _c20130109 _lUCH01 _h1302 |
||
| 650 | 1 | 4 |
_aSuelos _xCostras. _9110331 |
| 650 | 1 | 4 |
_aSuelos _xSan Luis Potosí. _9110478 |
| 901 | _aBK | ||
| 942 | _cFOLL | ||
| 949 |
_bBC _cTES _d-10065 _eTS1 _h22691 _i612 _si |
||
| 949 |
_bBC _cTES _d-67474 _eTS2 _fc.2 _h22692 _i612 _si |
||
| 949 |
_bBC _cTES _d33724000633343 _eTS2 _fc.3 _h31051 _i612 _si |
||
| 999 |
_c464 _d464 |
||